Las conexiones entre contratación administrativa e innovación.
সংরক্ষণ করুন:
| প্রধান লেখক: | |
|---|---|
| বিন্যাস: | অজ্ঞাত |
| ভাষা: | ইংরেজি স্প্যানিশ |
| প্রকাশিত: |
Madrid, España
Tecnos
2018
|
| সংস্করন: | Primera edición |
| বিষয়গুলি: | |
| ট্যাগগুলো: |
ট্যাগ যুক্ত করুন
কোনো ট্যাগ নেই, প্রথমজন হিসাবে ট্যাগ করুন!
|
MARC
| LEADER | 00000 a2200000 4500 | ||
|---|---|---|---|
| 003 | CL-VaPUC | ||
| 005 | 20210903092206.0 | ||
| 008 | 200109b ||||| |||| 00| 0 eng d | ||
| 999 | |c 376101 |d 376099 | ||
| 020 | |a 9788430975389 | ||
| 040 | |c Pontificia Universidad Católica de Valparaíso | ||
| 041 | 0 | |a spa | |
| 082 | |a 342.06 GAR 2018 | ||
| 100 | |a García Jiménez, Antonio |e author |9 503585 | ||
| 245 | 1 | 4 | |a Las conexiones entre contratación administrativa e innovación. |
| 250 | |a Primera edición | ||
| 260 | 3 | |b Tecnos |c 2018 |a Madrid, España | |
| 300 | |a 348 p | ||
| 505 | 0 | |a Capítulo I. El marco teórico de la innovacón. Capítulo II. Innovación y principios generales de la contratación pública. Capítulo III. Instrumentos de contratación electrónica. Capítulo IV. Perfiles de contratante y plataformas electrónicas como mecanismos de licitación. Capítulo V. Compra pública conjunta y agregada. Capítulo VI. Innovación en la gestión de las licitaciones públicas. Coclusiones. Bibliografía. | |
| 583 | |k Hugo Gaete |c 20200109 | ||
| 650 | 0 | 0 | |a Derecho administrativo |9 254851 |
| 650 | 0 | 0 | |a Contratación administrativa |9 532413 |
| 650 | 0 | 0 | |a ORGANIZACION ADMINISTRATIVA |9 257438 |
| 650 | 0 | 0 | |a CONTRATACION ELECTRONICA |9 466608 |
| 650 | 0 | 0 | |a Licitación pública |9 384344 |
| 942 | |2 ddc |c BK | ||
| 952 | |0 0 |1 0 |2 ddc |4 0 |6 342_060000000000000_GAR_2018 |7 0 |9 495274 |a BIBDER |b BIBDER |d 2020-01-02 |e 36 |g 19245.00 |i 5569125 |l 1 |m 1 |o 342.06 GAR 2018 |p 5569125 |r 2024-05-09 |s 2024-04-10 |t 1 |v 19245.00 |w 2020-01-02 |y BK |k DER | ||